[Event "Ostravský koník 2014 - FIDE Open B"]
[Site "Ostrava, CZE"]
[Date "2014.05.01"]
[Round "6"]
[White "Benes, Jaroslav"]
[Black "Fridrisek, Tomas"]
[Result "1/2-1/2"]
[WhiteElo "1586"]
[BlackElo "1473"]
[PlyCount "46"]

1. e4 d6 2. d4 g6 3. Nc3 Bg7 4. Be3 Nf6 5. Be2 O-O 6. Nf3 c6 7. h3 b5 8. a3 a6
9. Qd2 Re8 10. O-O e5 11. dxe5 dxe5 12. Qxd8 Rxd8 13. Nxe5 Nxe4 14. Nxe4 Bxe5
15. c3 Bf5 16. Nc5 a5 17. Rfd1 Nd7 18. Bf3 Nxc5 19. Bxc5 Rxd1+ 20. Rxd1 Rc8 21.
h4 a4 22. g3 Bf6 23. Kg2 Rc7 1/2-1/2

[Event "Ostravský koník 2014 - FIDE Open B"]
[Site "Ostrava, CZE"]
[Date "2014.05.01"]
[Round "6"]
[White "Demko, Robert"]
[Black "Vantuch, Lucian"]
[Result "0-1"]
[WhiteElo "1562"]
[BlackElo "1334"]
[PlyCount "86"]

1. d4 c5 2. d5 d6 3. Nf3 Nf6 4. Bg5 Nbd7 5. e3 g6 6. c4 Bg7 7. Nc3 O-O 8. Be2
Qa5 9. O-O Nb6 10. Qd3 Bd7 11. h3 Rfe8 12. a4 Rad8 13. Nb5 Rc8 14. Qc3 Qxc3 15.
Nxc3 e6 16. dxe6 Bxe6 17. Nd2 d5 18. cxd5 Nfxd5 19. Nb5 Bxb2 20. Rab1 Be5 21.
Ne4 Rb8 22. Nxc5 a6 23. Na3 Nc3 24. Rxb6 Nxe2+ 25. Kh1 Bd5 26. e4 Bc6 27. Be3
Bd6 28. Nc2 Bxc5 29. Bxc5 Bxa4 30. Nb4 Rxe4 31. Nxa6 Ra8 32. Nb4 Rc8 33. Be3
Rxe3 34. fxe3 Ng3+ 35. Kg1 Nxf1 36. Kxf1 Rc1+ 37. Kf2 Bc6 38. Nxc6 bxc6 39. Rb7
Kg7 40. Rc7 Kf6 41. Kf3 Ke6 42. g4 Kd6 43. Rxf7 Rf1+ 0-1

[Event "Ostravský koník 2014 - FIDE Open B"]
[Site "Ostrava, CZE"]
[Date "2014.05.01"]
[Round "6"]
[White "Hotarek, Jaroslav"]
[Black "Lipus, Drahomir"]
[Result "1-0"]
[WhiteElo "1668"]
[BlackElo "1568"]
[PlyCount "87"]

1. e4 c5 2. Nf3 d6 3. Nc3 Nc6 4. Bb5 Bd7 5. O-O Nf6 6. d3 e6 7. Ne2 Be7 8. c3
O-O 9. Ng3 Qc7 10. Ne1 a6 11. Ba4 b5 12. Bc2 Rac8 13. Bg5 h6 14. Bxf6 Bxf6 15.
Nh5 Be7 16. Qg4 g6 17. f4 Kh7 18. Ng3 f5 19. exf5 exf5 20. Qh3 Ne5 21. Nf3
Nxf3+ 22. gxf3 d5 23. Rae1 Bf6 24. Ne2 Rce8 25. Qg3 Qd8 26. Qg2 Re3 27. Ng3 Qe7
28. Rxe3 Qxe3+ 29. Qf2 Qxf4 30. Qxc5 d4 31. Qxf8 Qe3+ 32. Kg2 Bg7 33. Qf7 Be6
34. Qe7 h5 35. Bb3 Bxb3 36. Qxe3 dxe3 37. axb3 f4 38. Ne2 b4 39. d4 g5 40. Ra1
bxc3 41. bxc3 g4 42. Rxa6 h4 43. fxg4 h3+ 44. Kf3 1-0

[Event "Ostravský koník 2014 - FIDE Open B"]
[Site "Ostrava, CZE"]
[Date "2014.05.01"]
[Round "6"]
[White "Gerekova, Eliska"]
[Black "Prokop, Tomas"]
[Result "0-1"]
[WhiteElo "1233"]
[BlackElo "1866"]
[PlyCount "80"]

1. e4 b6 2. d4 Bb7 3. Nc3 c5 4. Nf3 cxd4 5. Nxd4 Nc6 6. Be3 e6 7. Bc4 h6 8. Qd2
Nf6 9. f3 Be7 10. O-O-O Na5 11. Bb3 Nxb3+ 12. Nxb3 d5 13. e5 Nd7 14. Qd4 Bc5
15. Qf4 g5 16. Qg3 Bxe3+ 17. Kb1 Bf4 18. Qf2 Bxe5 19. Rd3 Rc8 20. Re1 Qf6 21.
Qd2 Nc5 22. Nxc5 bxc5 23. Rde3 Bf4 24. Nb5 d4 25. Qd1 dxe3 26. Nd6+ Bxd6 27.
Qxd6 Qe7 28. Qxe7+ Kxe7 29. Rxe3 f5 30. Kc1 Rhd8 31. g3 Kf6 32. g4 Rd6 33. c4
Rcd8 34. gxf5 Kxf5 35. Kc2 Kf4 36. Re1 Bxf3 37. Rf1 Rd2+ 38. Kc1 Rd1+ 39. Rxd1
Rxd1+ 40. Kc2 Rh1 0-1

[Event "Ostravský koník 2014 - FIDE Open B"]
[Site "Ostrava, CZE"]
[Date "2014.05.01"]
[Round "6"]
[White "Kopec, Ladislav"]
[Black "Szuscikova, Natalie"]
[Result "1-0"]
[WhiteElo "1450"]
[BlackElo "1223"]
[PlyCount "69"]

1. e4 e5 2. Nf3 Nc6 3. Bb5 Nf6 4. O-O Bc5 5. c3 a6 6. Bxc6 dxc6 7. Nxe5 Nxe4 8.
d4 Bd6 9. Re1 Bf5 10. f3 Bxe5 11. fxe4 Be6 12. dxe5 Qxd1 13. Rxd1 O-O 14. Bf4
Rad8 15. Rxd8 Rxd8 16. Na3 b5 17. Nc2 f5 18. exf5 Bxf5 19. Nd4 g6 20. Nxc6 Rf8
21. Bg3 Be4 22. Nd4 Re8 23. Re1 Bd5 24. e6 c5 25. Nf3 Bxa2 26. e7 Kf7 27. Bd6
h6 28. Bxc5 Be6 29. Nd4 Bd7 30. Rf1+ Kg8 31. Rf8+ Kh7 32. Ne6 Rc8 33. Rxc8 Bxc8
34. e8=Q Bb7 35. Qf7+ 1-0

[Event "Ostravský koník 2014 - FIDE Open B"]
[Site "Ostrava, CZE"]
[Date "2014.05.01"]
[Round "6"]
[White "Mikesch, Dalibor"]
[Black "Machura, Jaroslav"]
[Result "0-1"]
[WhiteElo "1293"]
[BlackElo "1000"]
[PlyCount "96"]

1. e4 e5 2. Nf3 Nc6 3. Bb5 Nf6 4. Nc3 d6 5. O-O Bg4 6. d3 h6 7. Be3 Be7 8. Re1
O-O 9. h3 Bh5 10. Nd5 Nd4 11. Bxd4 exd4 12. c3 dxc3 13. Nxc3 c6 14. Bc4 b5 15.
Bb3 a5 16. a3 a4 17. Ba2 Nh7 18. e5 dxe5 19. Rxe5 Ng5 20. Nxg5 Bxd1 21. Rxd1
Bxg5 22. d4 Re8 23. Rf5 Bf6 24. Rd3 Re1+ 25. Kh2 Qd6+ 26. g3 Ra7 27. d5 c5 28.
Nxb5 Qa6 29. Bc4 Rd7 30. d6 Qc6 31. Rff3 Bd4 32. Kg2 Bxb2 33. g4 Rc1 34. Rd2
Rxc4 35. Rxb2 Rf4 36. g5 Rxf3 37. Kf1 Rxh3 38. gxh6 Rh1+ 39. Ke2 Qe4+ 40. Kd2
Qe1+ 41. Kd3 Rh3+ 42. Kc4 Qc1+ 43. Kd5 Qxb2 44. Kc6 Rd8 45. d7 Rxh6+ 46. Kc7
Qxb5 47. Kxd8 Qb8+ 48. Ke7 Re6# 0-1

[Event "Ostravský koník 2014 - FIDE Open B"]
[Site "Ostrava, CZE"]
[Date "2014.05.01"]
[Round "6"]
[White "Koki, Jan"]
[Black "Odlevak, Marek"]
[Result "1-0"]
[WhiteElo "1595"]
[BlackElo "1217"]
[PlyCount "75"]

1. e4 e5 2. Nf3 Nc6 3. d4 exd4 4. Nxd4 Bc5 5. Nxc6 dxc6 6. Qxd8+ Kxd8 7. Bc4
Be6 8. Bxe6 fxe6 9. Nc3 Nf6 10. Bg5 Kd7 11. O-O-O+ Ke7 12. f3 Kf7 13. Rd3 Rad8
14. Rhd1 Be7 15. Bf4 Bd6 16. Bxd6 Rxd6 17. Rxd6 cxd6 18. Rxd6 a5 19. a4 Ke7 20.
Rd2 g5 21. g4 e5 22. b3 h6 23. Ne2 b5 24. Rd3 b4 25. Ng3 Kf7 26. Nf5 h5 27. h3
hxg4 28. hxg4 Rb8 29. Nd6+ Ke7 30. Nc4 Ra8 31. Nxe5 c5 32. Nc4 Ra6 33. Kd2 Ke6
34. Rd8 Ra7 35. Rd6+ Ke7 36. Ke2 Kf7 37. Ne5+ Kg7 38. Rc6 1-0

[Event "Ostravský koník 2014 - FIDE Open B"]
[Site "Ostrava, CZE"]
[Date "2014.05.01"]
[Round "6"]
[White "Knettig, Vojtech"]
[Black "Frank, Adam"]
[Result "0-1"]
[WhiteElo "1000"]
[BlackElo "1417"]
[PlyCount "28"]

1. e4 e5 2. Nc3 Nf6 3. Nf3 Nc6 4. Bc4 Nxe4 5. Nxe4 d5 6. Bb5 dxe4 7. Bxc6+ bxc6
8. Nxe5 Qg5 9. b4 Qxg2 10. Ke2 Ba6+ 11. c4 Bxb4 12. Qg1 Bxc4+ 13. Kd1 Qh3 14.
a3 Qd3 0-1

[Event "Ostravský koník 2014 - FIDE Open B"]
[Site "Ostrava, CZE"]
[Date "2014.05.01"]
[Round "6"]
[White "Kuzel, Jaroslav"]
[Black "Gemsova, Tereza"]
[Result "1/2-1/2"]
[WhiteElo "1000"]
[BlackElo "1272"]
[PlyCount "80"]

1. e4 c5 2. Nf3 d6 3. Bc4 Nc6 4. Nc3 Nf6 5. d3 g6 6. Bf4 Bg7 7. Ng5 e6 8. O-O
O-O 9. Re1 a6 10. e5 dxe5 11. Bxe5 Nxe5 12. Rxe5 b5 13. Bb3 Bb7 14. Rxc5 Nd5
15. Bxd5 Bxd5 16. Nxd5 exd5 17. d4 Qxg5 18. Qf3 Bxd4 19. Rxd5 Qd2 20. Rd1 Bxf2+
21. Qxf2 Qxf2+ 22. Kxf2 Rfe8 23. Kg3 Kg7 24. Rf1 Ra7 25. h4 h6 26. h5 Re2 27.
Rf2 Re3+ 28. Rf3 Rxf3+ 29. Kxf3 Re7 30. hxg6 fxg6 31. Rd6 a5 32. Rd5 Rb7 33.
Ke4 a4 34. Kd3 Kf6 35. b3 a3 36. c4 bxc4+ 37. Kxc4 Re7 38. Kd3 h5 39. b4 h4 40.
b5 g5 1/2-1/2

[Event "Ostravský koník 2014 - FIDE Open B"]
[Site "Ostrava, CZE"]
[Date "2014.05.01"]
[Round "6"]
[White "Bubik, Antonin"]
[Black "Palanek, Rene"]
[Result "0-1"]
[WhiteElo "1000"]
[BlackElo "1090"]
[PlyCount "66"]

1. e4 e5 2. Nf3 Nc6 3. Bc4 Nf6 4. d4 d6 5. Bg5 Be7 6. O-O Bd7 7. c3 Qc8 8. Nbd2
O-O 9. Qc2 h6 10. Bxf6 Bxf6 11. b4 exd4 12. cxd4 Nxd4 13. Nxd4 Bxd4 14. Rad1
Bh3 15. Qd3 Bg4 16. Rde1 Bb6 17. e5 d5 18. Qxd5 Qd8 19. Qxd8 Raxd8 20. Rd1 Bxd1
21. Rxd1 Rfe8 22. g3 Rxe5 23. Kf1 Rf5 24. f4 g5 25. Ke2 Re8+ 26. Kf3 Re3+ 27.
Kg4 Rf6 28. Nf1 Re4 29. Rd5 Rxc4 30. Nd2 Rxb4 31. h4 gxf4 32. gxf4 Rfxf4+ 33.
Kh5 Rxh4# 0-1

[Event "Ostravský koník 2014 - FIDE Open B"]
[Site "Ostrava, CZE"]
[Date "2014.05.01"]
[Round "6"]
[White "Frank, Martin"]
[Black "Fizerova, Lucie"]
[Result "1-0"]
[WhiteElo "1100"]
[BlackElo "1160"]
[PlyCount "112"]

1. e4 e6 2. d4 d5 3. Nd2 c5 4. exd5 exd5 5. Ngf3 Nc6 6. Bb5 Bd7 7. O-O Nf6 8.
Nb3 a6 9. Bxc6 bxc6 10. Nxc5 Bxc5 11. dxc5 O-O 12. Re1 Bg4 13. Bg5 h6 14. Bh4
Rb8 15. b3 Rb4 16. c4 dxc4 17. Qxd8 Rxd8 18. Bxf6 gxf6 19. Re3 cxb3 20. axb3
Ra8 21. h3 Be6 22. Nd2 Rb5 23. Ne4 Bxb3 24. Nxf6+ Kg7 25. Nd7 Be6 26. Rg3+ Kh8
27. Rd3 Bxd7 28. Rxd7 Kg7 29. Re1 a5 30. Ree7 Rb1+ 31. Kh2 Kg6 32. Rxf7 a4 33.
Rg7+ Kf5 34. Ra7 Rxa7 35. Rxa7 Ra1 36. Ra6 Ke6 37. Rxc6+ Kd5 38. Rc8 a3 39. f4
a2 40. Ra8 Kxc5 41. f5 Kd6 42. g4 Ke7 43. h4 Kf6 44. Ra6+ Kg7 45. g5 hxg5 46.
hxg5 Rf1 47. Ra7+ Kf8 48. Ra8+ Ke7 49. f6+ Kf7 50. Rxa2 Kg6 51. Ra5 Rf4 52. Kg3
Rb4 53. Ra7 Kxg5 54. f7 Rf4 55. Ra5+ Kg6 56. Kxf4 Kxf7 1-0

[Event "Ostravský koník 2014 - FIDE Open B"]
[Site "Ostrava, CZE"]
[Date "2014.05.02"]
[Round "7"]
[White "Dobes, Ludek"]
[Black "Hastík, Svatopluk"]
[Result "0-1"]
[WhiteElo "2066"]
[BlackElo "2037"]
[PlyCount "100"]

1. Nf3 g6 2. d4 Bg7 3. g3 Nf6 4. Bg2 O-O 5. O-O d5 6. c4 c6 7. Nc3 Bf5 8. cxd5
Nxd5 9. Qb3 Qb6 10. Nxd5 cxd5 11. Qxb6 axb6 12. Bd2 Nc6 13. Bc3 Be4 14. e3 e6
15. Rfc1 Rfc8 16. Ne1 Bxg2 17. Kxg2 Bf8 18. Nd3 Bd6 19. g4 f6 20. f4 Kf7 21.
Rf1 Rc7 22. Rf3 b5 23. f5 exf5 24. gxf5 g5 25. Be1 g4 26. Rf1 Re7 27. Bd2 h5
28. h3 Rg8 29. h4 Re4 30. Nf2 Ree8 31. Nd3 Re4 32. Nf2 Re7 33. Nd3 Rge8 34. Nf4
Bxf4 35. Rxf4 Re4 36. Rxe4 Rxe4 37. Rc1 Ne7 38. Rc7 Ke8 39. Rxb7 Nxf5 40. Rxb5
Nxh4+ 41. Kf2 Nf3 42. Bb4 h4 43. Rxd5 Ng5 44. Bd2 g3+ 45. Kg2 Rg4 46. Rxg5 fxg5
47. Be1 Re4 48. Kf3 Re7 49. e4 Rf7+ 50. Kg2 Rf4 0-1

[Event "Ostravský koník 2014 - FIDE Open B"]
[Site "Ostrava, CZE"]
[Date "2014.05.02"]
[Round "7"]
[White "Sládek, Vladislav"]
[Black "Dvorák, Vladimír"]
[Result "1/2-1/2"]
[WhiteElo "1987"]
[BlackElo "2046"]
[PlyCount "71"]

1. e4 e6 2. Nf3 d5 3. Nc3 Nf6 4. e5 Nfd7 5. d4 c5 6. dxc5 Nc6 7. Bf4 Bxc5 8.
Bd3 f6 9. exf6 Nxf6 10. Qe2 O-O 11. O-O-O a6 12. Ne5 Bd6 13. Bg3 Nb4 14. Rhe1
b5 15. Kb1 Qc7 16. f4 Qa5 17. a3 Nxd3 18. Rxd3 b4 19. Nc6 Qb6 20. Nxb4 a5 21.
Bf2 Qb7 22. Nba2 Bxa3 23. Nd1 Bb4 24. Rb3 Qc7 25. c3 Bd6 26. Bb6 Qe7 27. g3 a4
28. Rb4 Bxb4 29. cxb4 Ne4 30. Nf2 Qb7 31. Nxe4 Qxb6 32. Nc5 Ra7 33. Qd1 Qc6 34.
Qd4 Re7 35. Nc3 Bd7 36. Nxd5 1/2-1/2

[Event "Ostravský koník 2014 - FIDE Open B"]
[Site "Ostrava, CZE"]
[Date "2014.05.02"]
[Round "7"]
[White "Petrov, Bogoljub"]
[Black "Kocur, Valter"]
[Result "0-1"]
[WhiteElo "1953"]
[BlackElo "2061"]
[PlyCount "110"]

1. f4 d5 2. e3 Nf6 3. b3 Bg4 4. Nf3 c5 5. Be2 e6 6. O-O Be7 7. Bb2 O-O 8. Ne5
Bxe2 9. Qxe2 Nfd7 10. d4 Nc6 11. Nd2 cxd4 12. exd4 Ndxe5 13. fxe5 Qd7 14. Rae1
b5 15. Qxb5 Nxe5 16. Qxd7 Nxd7 17. c4 dxc4 18. bxc4 Rab8 19. Rb1 Rfc8 20. c5 e5
21. dxe5 Bxc5+ 22. Kh1 Re8 23. Nf3 h6 24. Rfd1 Rb7 25. Bc3 Reb8 26. Rxb7 Rxb7
27. g4 Kf8 28. Kg2 Ke7 29. e6 Nf6 30. Bxf6+ Kxf6 31. exf7 Rb2+ 32. Rd2 Rxd2+
33. Nxd2 Kxf7 34. h4 Ke6 35. Kf3 Kd5 36. h5 Bd4 37. Kf4 a5 38. Kf3 a4 39. Ke2
Bc3 40. Kd3 Bxd2 41. Kxd2 Kc4 42. Ke3 Kc3 43. Kf4 Kb2 44. Kf5 Kxa2 45. Kg6 Kb1
46. Kxg7 a3 47. Kxh6 a2 48. g5 a1=Q 49. g6 Qh8+ 50. Kg5 Kc2 51. Kf5 Qxh5+ 52.
Kf6 Qh4+ 53. Kg7 Kd3 54. Kg8 Ke4 55. g7 Kf5 0-1

[Event "Ostravský koník 2014 - FIDE Open B"]
[Site "Ostrava, CZE"]
[Date "2014.05.02"]
[Round "7"]
[White "Kula, Dominik"]
[Black "Kubeczka, Ales"]
[Result "1/2-1/2"]
[WhiteElo "1968"]
[BlackElo "2069"]
[PlyCount "160"]

1. e4 c6 2. d4 d5 3. Nd2 dxe4 4. Nxe4 Nd7 5. Nf3 Ngf6 6. Nxf6+ Nxf6 7. g3 Bg4
8. Bg2 e6 9. O-O Be7 10. c3 O-O 11. h3 Bh5 12. Qb3 Qb6 13. Ne5 Rfd8 14. g4 Bg6
15. f4 Qxb3 16. axb3 Bc2 17. b4 Nd7 18. Be3 Nxe5 19. fxe5 Rd7 20. Ra2 Bb3 21.
Ra3 Bd5 22. Rfa1 Bxg2 23. Kxg2 a6 24. Rf1 Rad8 25. Raa1 Rd5 26. Ra4 Ra8 27.
Rfa1 Rf8 28. g5 Bd8 29. Bf4 Bc7 30. Rf1 f6 31. gxf6 gxf6 32. exf6 Rxf6 33. Bxc7
Rg5+ 34. Bg3 Rxf1 35. Kxf1 Rxg3 36. Ra5 Rxh3 37. Re5 Kf7 38. Re2 Rf3+ 39. Kg2
Rf5 40. Kg3 a5 41. bxa5 Rxa5 42. Kg4 Rb5 43. b4 Ke7 44. Rh2 h5+ 45. Kf4 Kd6 46.
Ke4 Rg5 47. Rh3 b5 48. Kf4 Rg4+ 49. Kf3 Rg5 50. Kf4 Rf5+ 51. Ke4 Ke7 52. Rg3
Kf7 53. Ke3 h4 54. Rh3 Rh5 55. Kf4 Kf6 56. Kg4 Rh8 57. Kf4 Ke7 58. Ke5 Rh5+ 59.
Ke4 Kd6 60. Ke3 Kd5 61. Kd3 Rh6 62. Ke3 Kc4 63. Ke4 Rh5 64. Kf4 Kd5 65. Kg4 Rh8
66. Kf4 Rf8+ 67. Ke3 Kc4 68. Ke4 Rg8 69. Ke5 Rg6 70. Kd6 Rh6 71. Ke5 Kb3 72.
Kd6 Kc4 73. Ke5 Rg6 74. Kd6 e5+ 75. Kxe5 Rg3 76. Rxh4 Kxc3 77. Kd6 Kxb4 78. d5+
Ka5 79. Kxc6 Rc3+ 80. Kb7 Rd3 1/2-1/2

[Event "Ostravský koník 2014 - FIDE Open B"]
[Site "Ostrava, CZE"]
[Date "2014.05.02"]
[Round "7"]
[White "Omamik, Pavel"]
[Black "Malinovský, Petr"]
[Result "1/2-1/2"]
[WhiteElo "2044"]
[BlackElo "1969"]
[PlyCount "106"]

1. e4 c5 2. d4 cxd4 3. c3 dxc3 4. Nxc3 g6 5. Bc4 Bg7 6. Nf3 a6 7. O-O e6 8. Qe2
Ne7 9. Rd1 O-O 10. e5 Qc7 11. Ne4 Nbc6 12. Nf6+ Bxf6 13. exf6 Nf5 14. g4 d5 15.
Bb3 Nd6 16. Bf4 Qd8 17. Qe3 Ne4 18. g5 Nd6 19. Nh4 d4 20. Qg3 e5 21. Bxe5 Ne4
22. Qf4 Re8 23. Bc7 Qd7 24. f3 Nc5 25. Re1 Ne6 26. Bxe6 Rxe6 27. Rxe6 Qxe6 28.
Kf2 Bd7 29. Re1 Qxa2 30. Qd6 Be6 31. Kg3 Qd5 32. Qxd5 Bxd5 33. f4 Be6 34. Rd1
b5 35. Nf3 a5 36. Rc1 Bd7 37. Rc5 b4 38. Rd5 Be8 39. Nxd4 Nxd4 40. Rxd4 b3 41.
Bd8 a4 42. Be7 Rc8 43. Ba3 Bc6 44. h4 Re8 45. Kf2 Bb5 46. Rb4 Bd7 47. Rb6 Ra8
48. Ke3 Rc8 49. Kd4 Ra8 50. Ke5 Re8+ 51. Be7 Ra8 52. Kd6 Bc8 53. Kc6 Ra6
1/2-1/2

[Event "Ostravský koník 2014 - FIDE Open B"]
[Site "Ostrava, CZE"]
[Date "2014.05.02"]
[Round "7"]
[White "Kozelský, Marek"]
[Black "Radecki, Petr"]
[Result "1/2-1/2"]
[WhiteElo "1933"]
[BlackElo "2013"]
[PlyCount "85"]

1. e4 c5 2. Nf3 Nc6 3. d4 cxd4 4. Nxd4 Qb6 5. Nb3 Nf6 6. Nc3 e6 7. Be3 Qc7 8.
Bd3 Be7 9. f4 d6 10. Qf3 a6 11. g4 Nd7 12. O-O-O b5 13. Kb1 Bb7 14. Qf2 Rb8 15.
Rhg1 Ba8 16. f5 Nce5 17. g5 Nc4 18. Bd4 e5 19. Ba7 Rc8 20. Be3 Nxe3 21. Qxe3
Nb6 22. Qf3 Nc4 23. Nd5 Bxd5 24. exd5 Bd8 25. f6 g6 26. Qe4 Qa7 27. Qg4 Qd7 28.
Qg3 h5 29. h4 Bb6 30. Rge1 O-O 31. Nd2 Nxd2+ 32. Rxd2 Ba5 33. c3 b4 34. b3 Rxc3
35. Qf2 Qb7 36. Rc1 Bb6 37. Qe2 Qd7 38. Rdc2 Rxc2 39. Rxc2 a5 40. Rc6 Bc5 41.
Qc2 a4 42. bxa4 Kh7 43. Be2 1/2-1/2

[Event "Ostravský koník 2014 - FIDE Open B"]
[Site "Ostrava, CZE"]
[Date "2014.05.02"]
[Round "7"]
[White "Lipovský, Tomás"]
[Black "Hájek, Oskar"]
[Result "0-1"]
[WhiteElo "2011"]
[BlackElo "1947"]
[PlyCount "74"]

1. e4 c5 2. c3 d6 3. d4 Nf6 4. dxc5 Nc6 5. Bc4 Nxe4 6. Bxf7+ Kxf7 7. Qd5+ e6 8.
Qxe4 d5 9. Qf3+ Qf6 10. Be3 Ne5 11. Qxf6+ gxf6 12. Ke2 Rg8 13. g3 b6 14. Nd2
Ba6+ 15. Kd1 bxc5 16. Ngf3 Ng4 17. Re1 e5 18. h3 Nxe3+ 19. Rxe3 Rb8 20. b3 d4
21. cxd4 cxd4 22. Re4 Ba3 23. Ne1 Rge8 24. Nc4 Bxc4 25. bxc4 f5 26. Rh4 Kg6 27.
Nd3 Rbc8 28. Rb1 Re7 29. Rb5 Bd6 30. c5 Bb8 31. Ra5 e4 32. Nb4 e3 33. Nd5 Re6
34. fxe3 dxe3 35. Nf4+ Bxf4 36. Rxf4 e2+ 37. Ke1 Rd8 0-1

[Event "Ostravský koník 2014 - FIDE Open B"]
[Site "Ostrava, CZE"]
[Date "2014.05.02"]
[Round "7"]
[White "Sovadina, Jirí"]
[Black "Novácek, Pavel"]
[Result "1-0"]
[WhiteElo "1926"]
[BlackElo "1979"]
[PlyCount "115"]

1. Nf3 Nf6 2. g3 g6 3. Bg2 Bg7 4. O-O O-O 5. c4 d6 6. Nc3 c6 7. d4 Qa5 8. Bd2
Qh5 9. Qb3 b6 10. Rac1 Bh3 11. Rfe1 Ng4 12. d5 c5 13. Ne4 h6 14. Bc3 Nd7 15.
Bxg7 Kxg7 16. Ned2 f5 17. e3 g5 18. Qd3 Nge5 19. Nxe5 Nxe5 20. Qf1 Bxg2 21.
Kxg2 f4 22. exf4 gxf4 23. f3 Qg6 24. Rc3 Rf5 25. Qe2 h5 26. Kh1 Kh8 27. gxf4
Rxf4 28. Rg1 Qf7 29. Rg5 Rg8 30. Rxg8+ Qxg8 31. Rc1 Qh7 32. Rf1 Qf5 33. Qg2 Qg6
34. Qxg6 Nxg6 35. Kg2 Kg7 36. Kf2 Ne5 37. b3 Kf7 38. Ke3 Rh4 39. Rf2 Rh3 40.
Ke4 Kf6 41. Rg2 Ng6 42. Ke3 Kg7 43. Ne4 Kh6 44. Ng3 Nh4 45. Rf2 Kg6 46. Kf4 Kh6
47. Nf5+ Nxf5 48. Kxf5 Kg7 49. Ke6 Kf8 50. Kd7 Rh4 51. f4 Rg4 52. f5 Kf7 53.
Re2 Kf6 54. Rxe7 Rg2 55. Kxd6 Rxh2 56. Re1 h4 57. Kc7 Rd2 58. d6 1-0

[Event "Ostravský koník 2014 - FIDE Open B"]
[Site "Ostrava, CZE"]
[Date "2014.05.02"]
[Round "7"]
[White "Snyta, Zdenek"]
[Black "Tylecek, Drahomír"]
[Result "1-0"]
[WhiteElo "2091"]
[BlackElo "1942"]
[PlyCount "83"]

1. e4 e5 2. Nc3 Nc6 3. Bc4 d6 4. d3 Na5 5. Bb3 Nxb3 6. axb3 f5 7. Nge2 Nf6 8.
exf5 Bxf5 9. Ng3 Be6 10. O-O Be7 11. f4 exf4 12. Bxf4 O-O 13. Qe2 Bg4 14. Qd2
d5 15. h3 Bd7 16. Be5 c6 17. Nf5 Bxf5 18. Rxf5 Bd6 19. Raf1 Bxe5 20. Rxe5 Qb6+
21. d4 Rae8 22. Qf4 Rxe5 23. Qxe5 Re8 24. Qf4 Qd8 25. Qf5 Qe7 26. Rf3 Ne4 27.
Re3 Qf6 28. Qxf6 gxf6 29. g4 Kf7 30. Nxe4 dxe4 31. Kf2 a5 32. Kg3 c5 33. dxc5
Re5 34. c6 bxc6 35. Kf4 Rc5 36. Rc3 Re5 37. Ke3 Kg6 38. Rxc6 Kg5 39. c4 f5 40.
gxf5 Kxf5 41. Rh6 Re7 42. Rh5+ 1-0

[Event "Ostravský koník 2014 - FIDE Open B"]
[Site "Ostrava, CZE"]
[Date "2014.05.02"]
[Round "7"]
[White "Albertovic, Lukás"]
[Black "Stehlík, Jirí"]
[Result "1/2-1/2"]
[WhiteElo "1923"]
[BlackElo "2017"]
[PlyCount "47"]

1. e4 d6 2. d4 Nf6 3. Nc3 g6 4. Bc4 Bg7 5. Bg5 O-O 6. Qd2 c6 7. Nf3 d5 8. Bxf6
exf6 9. exd5 Re8+ 10. Kf1 Bg4 11. Qf4 Bxf3 12. gxf3 cxd5 13. Nxd5 Na6 14. c3
Rc8 15. Bb3 Nc7 16. Nxc7 Qxc7 17. Qxc7 Rxc7 18. Ba4 Rd8 19. Re1 Bf8 20. Kg2 a6
21. Bb3 b5 22. a3 Bd6 23. Re2 f5 24. Rhe1 1/2-1/2

[Event "Ostravský koník 2014 - FIDE Open B"]
[Site "Ostrava, CZE"]
[Date "2014.05.02"]
[Round "7"]
[White "Kriebel, Rudolf"]
[Black "Kondula, Lukás"]
[Result "1/2-1/2"]
[WhiteElo "1889"]
[BlackElo "1997"]
[PlyCount "82"]

1. Nf3 e6 2. g3 f5 3. Bg2 Nf6 4. b3 Be7 5. Bb2 d5 6. O-O O-O 7. c4 c6 8. Qc2
Na6 9. a3 Bd6 10. e3 Qe7 11. Ne5 Nd7 12. d4 Nxe5 13. dxe5 Bc7 14. Nd2 g5 15. f4
Bb6 16. Bd4 c5 17. Bb2 Nc7 18. Kh1 g4 19. Rf2 Bd7 20. Kg1 Bc6 21. Re2 Rad8 22.
Rd1 Qd7 23. Nf1 Qe8 24. Red2 a5 25. e4 d4 26. Qd3 fxe4 27. Bxe4 Bxe4 28. Qxe4
Qc6 29. Qe2 Ne8 30. Qxg4+ Ng7 31. a4 Kh8 32. Rd3 Nf5 33. Bc1 Rg8 34. Qf3 Qxf3
35. Rxf3 h5 36. Kf2 Rd7 37. Ke2 Rdg7 38. Bd2 Bd8 39. Be1 h4 40. Rdd3 hxg3 41.
hxg3 Rh7 1/2-1/2

[Event "Ostravský koník 2014 - FIDE Open B"]
[Site "Ostrava, CZE"]
[Date "2014.05.02"]
[Round "7"]
[White "Zeman, Arnost"]
[Black "Kabelka, Ondrej"]
[Result "1/2-1/2"]
[WhiteElo "1993"]
[BlackElo "1697"]
[PlyCount "58"]

1. Nf3 Nf6 2. d4 c5 3. e3 e6 4. Nbd2 Nc6 5. c3 d5 6. Bd3 cxd4 7. exd4 Be7 8.
O-O O-O 9. Re1 Qc7 10. Nf1 h6 11. h3 Bd7 12. Ne5 a6 13. f4 Na5 14. Qe2 b5 15.
a3 Bc6 16. Ng3 Nc4 17. f5 Nxe5 18. dxe5 Nd7 19. Bf4 Nc5 20. Bc2 Bh4 21. Qg4
Bxg3 22. Qxg3 Kh8 23. Qh4 exf5 24. Bxh6 Kg8 25. Bxg7 Kxg7 26. Qf6+ Kg8 27. Re3
Ne4 28. Rxe4 dxe4 29. Qg5+ Kh8 1/2-1/2

[Event "Ostravský koník 2014 - FIDE Open B"]
[Site "Ostrava, CZE"]
[Date "2014.05.02"]
[Round "7"]
[White "Cyroò, Karel"]
[Black "Holecek, Vladimír"]
[Result "0-1"]
[WhiteElo "1792"]
[BlackElo "1981"]
[PlyCount "52"]

1. e4 e5 2. Nf3 Nc6 3. Bb5 Nf6 4. O-O d6 5. Re1 Bd7 6. c3 Be7 7. h3 O-O 8. d4
Re8 9. Nbd2 Bf8 10. Ba4 g6 11. Bb3 Bg7 12. d5 Ne7 13. Nf1 Rf8 14. Kh2 Ne8 15.
g4 h6 16. Ng3 f5 17. gxf5 gxf5 18. Nh5 fxe4 19. Nxg7 Nxg7 20. Rxe4 Rf6 21. Nxe5
Rxf2+ 22. Kg1 Rf6 23. Nxd7 Qxd7 24. Qd3 Raf8 25. Bd2 Rf3 26. Qe2 Qxh3 0-1

[Event "Ostravský koník 2014 - FIDE Open B"]
[Site "Ostrava, CZE"]
[Date "2014.05.02"]
[Round "7"]
[White "Ling, Bronislav"]
[Black "Nisztuk, Michal"]
[Result "1-0"]
[WhiteElo "1981"]
[BlackElo "1762"]
[PlyCount "37"]

1. e4 e5 2. Nf3 Nc6 3. Bb5 Nf6 4. O-O Nxe4 5. d4 d5 6. Nxe5 Bd7 7. Bxc6 bxc6 8.
Re1 Be7 9. c4 O-O 10. Nc3 Bb4 11. Re3 Nxc3 12. bxc3 Bd6 13. cxd5 cxd5 14. Qh5
Be6 15. Rg3 f6 16. Bh6 fxe5 17. Bxg7 Rf7 18. Bf6+ Kf8 19. Qh6+ 1-0

[Event "Ostravský koník 2014 - FIDE Open B"]
[Site "Ostrava, CZE"]
[Date "2014.05.02"]
[Round "7"]
[White "Melecký, Jaroslav"]
[Black "Kuchar, Matej"]
[Result "1/2-1/2"]
[WhiteElo "1973"]
[BlackElo "1693"]
[PlyCount "91"]

1. e4 c5 2. Nf3 Nc6 3. d4 cxd4 4. Nxd4 g6 5. Nc3 Bg7 6. Be3 Nf6 7. Be2 O-O 8.
Qd2 d6 9. h3 a6 10. O-O-O Nxd4 11. Bxd4 Be6 12. Kb1 b5 13. Bf3 b4 14. Nd5 Bxd5
15. exd5 a5 16. g4 Rb8 17. h4 a4 18. g5 Nd7 19. Bxg7 Kxg7 20. Qd4+ Ne5 21. Be2
Qb6 22. Qf4 b3 23. cxb3 axb3 24. a3 Qc5 25. Rd2 Rfc8 26. h5 Nc4 27. Bxc4 Qxc4
28. Qh2 Qe4+ 29. Ka1 Rc2 30. hxg6 Qxg6 31. Qh6+ Qxh6 32. gxh6+ Kg6 33. Rxc2
bxc2 34. Rc1 Kxh6 35. Rxc2 Kg6 36. b4 Kf6 37. f4 h5 38. Kb2 Kf5 39. Kb3 Kxf4
40. Rf2+ Ke5 41. Rxf7 Rb7 42. a4 Kxd5 43. Rf5+ e5 44. Rxh5 Rf7 45. a5 Kc6 46.
Rh8 1/2-1/2

[Event "Ostravský koník 2014 - FIDE Open B"]
[Site "Ostrava, CZE"]
[Date "2014.05.02"]
[Round "7"]
[White "Borovicka, Bohumil"]
[Black "Havelka, Ondrej"]
[Result "0-1"]
[WhiteElo "2000"]
[BlackElo "1661"]
[PlyCount "40"]

1. d4 d5 2. Bf4 Nf6 3. e3 e6 4. Nd2 c5 5. c3 Nc6 6. Bd3 Be7 7. Ngf3 O-O 8. Ne5
Nd7 9. Ndf3 Ndxe5 10. dxe5 f5 11. h4 d4 12. Qc2 Qd5 13. e4 Qd8 14. exf5 exf5
15. Bc4+ Kh8 16. O-O-O Qa5 17. Ng5 b5 18. Bd5 Bd7 19. Kb1 c4 20. cxd4 Nb4 0-1

[Event "Ostravský koník 2014 - FIDE Open B"]
[Site "Ostrava, CZE"]
[Date "2014.05.02"]
[Round "7"]
[White "Sobek, Martin"]
[Black "Semancík, David"]
[Result "1/2-1/2"]
[WhiteElo "1946"]
[BlackElo "1721"]
[PlyCount "44"]

1. e4 e5 2. Nf3 Nc6 3. Bc4 Nf6 4. Ng5 d5 5. exd5 Na5 6. Bb5+ c6 7. dxc6 bxc6 8.
Be2 a6 9. Nf3 Bd6 10. d3 O-O 11. Nc3 Bf5 12. O-O Qc7 13. h3 Rad8 14. Bd2 e4 15.
dxe4 Nxe4 16. Bd3 Nxd2 17. Nxd2 Bxd3 18. cxd3 Bh2+ 19. Kh1 Rxd3 20. Qc2 Rfd8
21. Nf3 Be5 22. Nxe5 Qxe5 1/2-1/2